00884nam a22002417a 4500001000500000005001700005008004100022020003200063040002300095050002300118082001500141100002400156245006600180250004500246260002900291300002400320505000800344520020400352521001900556521002000575650002600595650002100621102620230718141510.0230718b cb ||||| |||| 00| 0 eng d a0899198481 :c$13.95 (est.) aDLCcDLCdDLCbeng00aPZ7.H1256bDo 198900a813.542191 aHahn, Mary Downing.14aThe doll in the garden :ba ghost story /cMary Downing Hahn. aFirst Avon Camelot printing, April 1990. aNew York :bAvon,c1990. a128 pages :c19 cm. aT  aAfter Ashley and Kristi find an antique doll buried in old Miss Cooper's garden, they discover that they can enter a ghostly turn-of-the-nineteenth-century world by going through a hole in the hedge. a800 bLexile  aT bRaz-Plus  1aTime travelvFiction. 1aGhostsvFiction.